[Event "Bad Zwesten op"]
[Site "Bad Zwesten"]
[Date "1997.??.??"]
[Round "4"]
[White "Mainka, Romuald"]
[Black "Gurevich, Dmitry"]
[Result "0-1"]
[WhiteElo "2480"]
[BlackElo "2580"]

1.e4 c5 2.Nf3 d6 3.d4 cxd4 4.Nxd4 Nf6 5.Nc3 Nc6 6.Bg5 e6 7.Qd2 Be7 8.O-O-O Nxd4
9.Qxd4 a6 10.f4 b5 11.Bxf6 gxf6 12.e5 d5 13.Kb1 Rg8 14.g3 Bb7 15.Bh3 Rc8
16.f5 fxe5 17.Qxe5 Bf6 18.Qe2 Rxc3 19.bxc3 Qa5 20.Rd3 e5 21.Rhd1 e4 22.Qe3 Kf8
23.Rd4 Kg7 24.Kb2 b4 25.cxb4 Qxb4+ 26.Ka1 Qc5 27.c3 Rc8 28.Kb2 Bc6 29.Bf1 Ba4
30.Rb1 Bxd4 31.Qxd4+ Qxd4 32.cxd4 Bb5 33.Bxb5 axb5 34.Ka3 Rc4 35.Rxb5 Rxd4
36.Kb3 e3 37.Kc3 Rd1  0-1

[Event "Stadtcasino op"]
[Site "Baden"]
[Date "1997.??.??"]
[Round "?"]
[White "Pikula, Dejan"]
[Black "Pelletier, Yannick"]
[Result "1-0"]
[WhiteElo "2495"]
[BlackElo "2470"]

1.e4 c5 2.Nf3 d6 3.d4 cxd4 4.Nxd4 Nf6 5.Nc3 Nc6 6.Bg5 e6 7.Qd2 Be7 8.O-O-O O-O
9.f3 Nxd4 10.Qxd4 Qa5 11.Qd2 Rd8 12.Kb1 Qc7 13.Nb5 Qd7 14.g4 a6 15.Nd4 Qc7
16.Bd3 b5 17.h4 e5 18.Nf5 Bxf5 19.gxf5 d5 20.Rdg1 Kh8 21.Qg2 Rg8 22.exd5 Nxd5
23.Be4 Rad8 24.Bxd5 Rxd5 25.f6 Bf8 26.fxg7+ Bxg7 27.Bf6 Rd1+ 28.Rxd1 Bxf6
29.Qh3 Qc6 30.Qf5 Rg3 31.Rdg1 Rxf3 32.Qg4 Qa8 33.Qh5 Qb7 34.Qh6 Qa8 35.Rh2 Qd8
36.Rd2 Qc8 37.Rd6 Rf2 38.Rc6  1-0

[Event "Barbera-A"]
[Site "Barbera"]
[Date "1997.??.??"]
[Round "1"]
[White "Rahal, Michael"]
[Black "Campos, Jose Felix"]
[Result "1/2-1/2"]
[WhiteElo "2385"]
[BlackElo "2260"]

1.e4 c5 2.Nf3 Nc6 3.d4 cxd4 4.Nxd4 Nf6 5.Nc3 d6 6.Bg5 e6 7.Qd2 a6 8.O-O-O h6
9.Be3 Be7 10.f3 Nxd4 11.Qxd4 b5 12.Kb1 Qa5 13.g4 b4 14.Ne2 e5 15.Qb6 Qxb6
16.Bxb6 Be6 17.Ng3 g6 18.h4 d5 19.g5 hxg5 20.hxg5 Rxh1 21.Nxh1 Nd7 22.exd5 Nxb6
23.dxe6 fxe6 24.Bd3 Kf7 25.Nf2 Bxg5 26.Be4 Rh8 27.b3 a5 28.Nd3 Kf6 29.Rg1 Be3
30.Rxg6+ Ke7 31.c4 bxc3 32.Nxe5 Rh1+ 33.Kc2 Rh2+ 34.Kxc3  1/2-1/2

[Event "Foment Martinenc op"]
[Site "Barcelona"]
[Date "1997.??.??"]
[Round "7"]
[White "Korneev, Oleg"]
[Black "Campos Moreno, Javier B"]
[Result "1/2-1/2"]
[WhiteElo "2565"]
[BlackElo "2485"]

1.e4 c5 2.Nf3 Nc6 3.d4 cxd4 4.Nxd4 Nf6 5.Nc3 d6 6.Bg5 e6 7.Qd2 a6 8.O-O-O h6
9.Be3 Be7 10.f3 Nxd4 11.Bxd4 b5 12.Kb1 Rb8 13.h4 b4 14.Ne2 e5 15.Ba7 Rb7
16.Bf2 Be6 17.Nc1 Qa5 18.Nb3 Qa4 19.Qe2 Rb5 20.Qe3 Rb7 21.g4 Nd7 22.Be2 O-O
23.g5 h5 24.f4 exf4 25.Qxf4 Rc8 26.Bxh5  1/2-1/2

[Event "Baunatal op"]
[Site "Baunatal"]
[Date "1997.??.??"]
[Round "5"]
[White "Lenhardt, Manfred"]
[Black "Meins, Gerlef"]
[Result "1/2-1/2"]
[WhiteElo "2235"]
[BlackElo "2460"]

1.e4 c5 2.Nf3 Nc6 3.d4 cxd4 4.Nxd4 Nf6 5.Nc3 d6 6.Bg5 e6 7.Qd2 a6 8.O-O-O Bd7
9.f3 Be7 10.h4 h5 11.Kb1 Nxd4 12.Qxd4 Bc6 13.Be2 Qa5 14.f4 Qc5 15.Bf3 Qxd4
16.Rxd4 e5 17.Rd2 exf4 18.Bxf4 O-O-O 19.Rhd1 Kc7 20.g3 Rhe8 21.a3 g6 22.e5 Bxf3
23.exd6+ Bxd6 24.Rxd6 Bxd1 25.Rxf6+ Kc8 26.Rxf7 Bg4 27.Rc7+ Kb8 28.Rg7+ Ka8
29.Rxg6 Re1+ 30.Ka2 Re6 31.Rg5  1/2-1/2

[Event "Baunatal op"]
[Site "Baunatal"]
[Date "1997.??.??"]
[Round "7"]
[White "Meijers, Viesturs"]
[Black "Arbakov, Valentin"]
[Result "1-0"]
[WhiteElo "2445"]
[BlackElo "2475"]

1.e4 c5 2.Nf3 d6 3.d4 cxd4 4.Nxd4 Nf6 5.Nc3 Nc6 6.Bg5 Qa5 7.Bb5 Bd7 8.Nb3 Qc7
9.Qd2 e6 10.O-O a6 11.Be2 b5 12.a3 Be7 13.Rad1 O-O 14.Bxf6 gxf6 15.Qh6 Kh8
16.Bh5 Bc8 17.Rd3 Rg8 18.Rg3 Rxg3 19.fxg3 Ne5 20.Rxf6 Qd8 21.Rxf7 Nxf7 22.Bxf7 Bg5
23.Qh5 Qf6 24.h4 Be3+ 25.Kh2 Ra7 26.Be8 Qf2 27.Ne2 Rg7 28.Qf3 e5 29.Bh5 Be6
30.Nbc1 Rc7 31.c3 Bc4 32.Qg4 Rg7 33.Qf3 a5 34.Kh3 Rg8 35.Bg4 Rf8 36.Bf5 d5
37.Qh5 Rxf5 38.exf5 Kg7 39.b3 Bxe2 40.Nxe2 a4 41.b4 Kf6 42.g4 Kg7 43.Qe8 Bf4
44.Qe7+ Kg8 45.f6 Bh6 46.Qe6+ Kf8 47.Ng3  1-0

[Event "Regionalliga SO9798"]
[Site "Bayern"]
[Date "1997.??.??"]
[Round "?"]
[White "Anka, Emil"]
[Black "Scheipl, Ralf"]
[Result "1-0"]
[WhiteElo "2400"]
[BlackElo "2230"]

1.e4 c5 2.Nf3 d6 3.d4 cxd4 4.Nxd4 Nf6 5.Nc3 Nc6 6.Bg5 e6 7.Qd2 a6 8.O-O-O Bd7
9.f4 Be7 10.Nf3 b5 11.Bxf6 gxf6 12.Kb1 Qc7 13.f5 Na5 14.fxe6 fxe6 15.Nd4 b4
16.Nce2 Nc4 17.Qh6 e5 18.Nf5 Bxf5 19.exf5 O-O-O 20.c3 Qb7 21.cxb4 Qxb4 22.Qc1 Kd7
23.Nc3 Rc8 24.Bxc4 Rxc4 25.Rd3 Rg8 26.Qd2 Rgg4 27.Rd1 Rcd4 28.Qe2 Rxd3 29.Rxd3 a5
30.Rh3 Rg7 31.Qa6 Qc5 32.Rd3 Qc6 33.Qa7+ Qc7 34.Qf2 Qc4 35.Rd1 Ke8 36.g3 Rg4
37.Qf3 Rd4 38.Qh5+ Kd7 39.Rc1 Rd2 40.Qxh7 e4 41.Qh8 Qd3+ 42.Ka1 Rc2 43.Rxc2 Qxc2
44.a3 Qf2 45.Qb8 e3 46.Qb5+ Kd8 47.Nd5 Qxf5 48.Qxa5+ Kd7 49.Qa4+ Ke6 50.Nxe3 Qe5
51.Qc4+ d5 52.Qc6+ Bd6 53.Qc8+ Kf7 54.Qb7+ Ke6 55.Qb3 Bc5 56.Nc2 f5 57.Qb5 d4
58.Qf1 Kd5 59.Ne1 Bd6 60.Nd3 Qe4 61.Ka2 Kc6 62.Kb3 Qd5+ 63.Kc2 Bf8 64.Nf4 Qe4+
65.Qd3 Bd6 66.Qxe4+ fxe4 67.h4 d3+ 68.Kd2 Be5 69.b4 Bxf4+ 70.gxf4 Kd5 71.h5 Kd4
72.h6 e3+ 73.Kd1 Kc3 74.h7 e2+ 75.Ke1 Kc2 76.h8=Q d2+ 77.Kxe2 d1=Q+ 78.Kf2 Qd2+
79.Kg3 Qe3+ 80.Kg4 Qxa3 81.Qh2+ Kd1 82.Qg1+ Ke2 83.Qg2+ Ke1 84.Qg3+  1-0

[Event "Oberliga Bayern9798"]
[Site "Bayern"]
[Date "1997.??.??"]
[Round "?"]
[White "Unzicker, Ferdinand"]
[Black "Arbakov, Valentin"]
[Result "0-1"]
[WhiteElo "2275"]
[BlackElo "2500"]

1.e4 c5 2.Nf3 d6 3.d4 cxd4 4.Nxd4 Nf6 5.Nc3 Nc6 6.Bg5 e6 7.Qd2 a6 8.O-O-O Bd7
9.f4 h6 10.Bh4 g5 11.fxg5 Ng4 12.Nf3 Be7 13.Be2 Nge5 14.Bg3 hxg5 15.Kb1 f6
16.h4 gxh4 17.Rxh4 Rxh4 18.Nxh4 Qa5 19.Bh5+ Kd8 20.Be2 b5 21.Bd3 Kc7 22.Be1 Kb7
23.Nf3 Rg8 24.Bf1 Ng4 25.Qf4 Qb6 26.Qd2 Qe3 27.Bd3 Qxd2 28.Rxd2 Nce5 29.Nxe5 fxe5
30.Re2 Bc6 31.a3 Bd8 32.Nd1 Bb6 33.Bb4 d5 34.Be1 Bc7 35.Ne3 Nf6 36.Bh4 Ng4
37.Bg3 Kb6 38.Ka2 a5 39.Kb1 Bd6  0-1

[Event "LIB-ch"]
[Site "Beirut"]
[Date "1997.??.??"]
[Round "10"]
[White "Fadi, Eid"]
[Black "Sakr, Nassim"]
[Result "1/2-1/2"]
[WhiteElo "2270"]
[BlackElo "2170"]

1.e4 c5 2.Nf3 d6 3.d4 cxd4 4.Nxd4 Nf6 5.Nc3 Nc6 6.Bg5 e6 7.Qd2 Be7 8.O-O-O a6
9.f4 Qc7 10.Nf3 b5 11.Bxf6 Bxf6 12.Qxd6 Qxd6 13.Rxd6 Bxc3 14.bxc3 Na5 15.c4 bxc4
16.Rd4 c3 17.Ra4 Nc6 18.Bb5 Bb7 19.Bxc6+ Bxc6 20.Rc4 Bb7 21.Re1 O-O 22.Rxc3 Rac8
23.Rxc8 Rxc8 24.Re3 f6 25.Nd2 h6 26.g3 e5 27.f5 Kh7 28.Rd3 Rc7 29.Rd6 h5
30.Kb2 h4 31.gxh4 Kh6 32.c4 Kh5 33.Kb3 a5 34.Rd5 Bxd5 35.exd5 Kg4 36.d6 Rb7+
37.Kc3 Kxf5 38.Nb3 a4 39.Na5 Rd7 40.c5 Ke6 41.Nc4 f5 42.Nb6 Rb7 43.Kb4 f4
44.Kb5 f3 45.c6 f2 46.cxb7 f1=Q+ 47.Ka5 Qf8 48.Nc8 Qd8+ 49.Ka6 Kd7 50.b8=Q Qxc8+
51.Qxc8+ Kxc8 52.Kb5 e4 53.Kc4 Kd7 54.Kd4 Kxd6 55.Kxe4 Kc5 56.Kf5 Kb4 57.Kg6 Ka3
58.Kxg7 Kxa2 59.h5 a3 60.h6 Kb3 61.h7 a2 62.h8=Q a1=Q+ 63.Kh7 Qb1+ 64.Kh6 Qc1+
65.Kg6 Qg1+  1/2-1/2

[Event "BEL-chT9697"]
[Site "BEL"]
[Date "1997.??.??"]
[Round "11"]
[White "Degraeve, Jean Marc"]
[Black "Mohandesi, Shahin"]
[Result "1/2-1/2"]
[WhiteElo "2515"]
[BlackElo "2355"]

1.e4 c5 2.Nf3 d6 3.d4 cxd4 4.Nxd4 Nf6 5.Nc3 Nc6 6.Bg5 e6 7.Qd2 Be7 8.O-O-O O-O
9.f3 Nxd4 10.Qxd4 Qa5 11.Bd2 Qc7 12.Nb5 Qd8 13.Bb4 d5 14.Bxe7 Qxe7 15.e5 Nd7
16.Qe3 Qc5 17.Nd4 Nb8 18.h4 Nc6 19.h5 Bd7 20.h6 g6 21.f4 Rac8 22.Rd2 Nxd4
23.Qxd4 Qxd4 24.Rxd4 Rc5 25.Bd3 f6 26.exf6 Rxf6 27.Re1 a5 28.a3 Rf8 29.Kd2 Rc7
30.Re3 Kf7 31.g4 Bc6 32.f5 exf5 33.gxf5 g5 34.b4 axb4 35.axb4 Re7  1/2-1/2

[Event "Benasque op"]
[Site "Benasque"]
[Date "1997.??.??"]
[Round "7"]
[White "De la Villa Garcia, Jesus Maria"]
[Black "Delchev, Aleksander"]
[Result "1/2-1/2"]
[WhiteElo "2495"]
[BlackElo "2515"]

1.e4 c5 2.Nf3 d6 3.d4 cxd4 4.Nxd4 Nf6 5.Nc3 Nc6 6.Bg5 e6 7.Qd2 a6 8.O-O-O h6
9.Be3 Bd7 10.f3 b5 11.Nxc6 Bxc6 12.Kb1 Qc7 13.Bd3 Be7 14.Qf2 Nd7 15.Rhe1 Ne5
16.Bb6 Qb7 17.Bd4 Bf6 18.h3 O-O 19.Bf1 Rac8 20.f4 b4 21.Nd5 exd5 22.exd5 Ba4
23.b3 Nd7 24.bxa4 Bxd4 25.Qxd4 Nc5 26.Re3 Nxa4 27.Rg3 Nc3+ 28.Ka1 f5 29.Re1 Rfe8
30.Re6 Rxe6 31.dxe6 Re8 32.Qxd6 Qe4 33.Rxg7+ Kh8 34.Rh7+ Kg8 35.Rg7+  1/2-1/2

[Event "Berliner Sommer"]
[Site "Berlin"]
[Date "1997.??.??"]
[Round "2"]
[White "Milov, Leonid"]
[Black "Fietz, Harald"]
[Result "1-0"]
[WhiteElo "2490"]
[BlackElo "2220"]

1.e4 c5 2.Nf3 d6 3.d4 cxd4 4.Nxd4 Nf6 5.Nc3 Nc6 6.Bg5 e6 7.Bb5 Bd7 8.Bxc6 bxc6
9.Qf3 c5 10.Nb3 Be7 11.O-O Bc6 12.Rad1 Qc7 13.Rfe1 O-O 14.Qg3 Rfd8 15.Nxc5 Nh5
16.Qh4 Bxg5 17.Qxg5 Nf6 18.Nb3 d5 19.e5 Ne4 20.Qe3 Nxc3 21.Qxc3 Rac8 22.Nd4 Qb6
23.b3 Bb7 24.Qd2 Qc5 25.Re3 Qe7 26.Rde1 Ba6 27.Rh3 h6 28.f4 Rd7 29.f5 exf5
30.Nxf5 Qg5 31.Qf2 Rdc7 32.Rg3 Rxc2 33.Rxg5 Rxf2 34.Rxg7+ Kf8 35.Kxf2 Rc2+
36.Ke3 d4+ 37.Kxd4 Rd2+ 38.Kc3 Rf2 39.g4 Bc8 40.Rh7 Rxh2 41.Rh8+  1-0

[Event "Berliner Sommer"]
[Site "Berlin"]
[Date "1997.??.??"]
[Round "4"]
[White "De la Villa Garcia, Jesus Maria"]
[Black "Gross, Stefan"]
[Result "1-0"]
[WhiteElo "2485"]
[BlackElo "2355"]

1.e4 c5 2.Nf3 d6 3.d4 cxd4 4.Nxd4 Nf6 5.Nc3 Nc6 6.Bg5 Qb6 7.Nb3 e6 8.Bf4 Ne5
9.Be3 Qc7 10.f4 Nc6 11.g4 a6 12.g5 Nd7 13.Qd2 b5 14.O-O-O Na5 15.Nxa5 Qxa5
16.Kb1 b4 17.Ne2 Bb7 18.Bg2 Nc5 19.Bxc5 Qxc5 20.Nd4 Be7 21.h4 g6 22.h5 O-O-O
23.f5 exf5 24.exf5 gxf5 25.a3 d5 26.Nxf5 Rhg8 27.axb4 Qxb4 28.c3 Qc5 29.Nxe7+ Qxe7
30.Rhg1 Kb8 31.Bf3 Qe5 32.Rdf1 Rde8 33.Kc1 Ka8 34.Rd1 Qf5 35.Bxd5 Re7 36.Qd4 Rc8
37.Qd3 Qf4+ 38.Kb1 Bxd5 39.Qxa6+ Kb8 40.Rxd5 Rb7 41.Rgd1 Qf3 42.Qd3 Qxh5
43.Qg3+  1-0

[Event "Berliner Sommer"]
[Site "Berlin"]
[Date "1997.??.??"]
[Round "6"]
[White "Peptan, Corina"]
[Black "Roos, Thomas"]
[Result "1/2-1/2"]
[WhiteElo "2460"]
[BlackElo "2270"]

1.e4 c5 2.Nf3 d6 3.d4 cxd4 4.Nxd4 Nf6 5.Nc3 Nc6 6.Bg5 e6 7.Qd2 Be7 8.O-O-O O-O
9.f3 a6 10.h4 Qc7 11.h5 h6 12.Be3 Nxd4 13.Bxd4 Rd8 14.g4 e5 15.Be3 d5 16.exd5 Be6
17.Bd3 Nxd5 18.Nxd5 Bxd5 19.Qf2 Qc6 20.Rhf1 Bxa2 21.Qg3 Rac8 22.Rf2 Qa4 23.Qxe5 Bc4
24.Qe4 Rxd3 25.Rxd3 Qa1+ 26.Kd2 Bxd3 27.Qxb7 Rxc2+ 28.Kxd3 Rxf2 29.Qc8+ Kh7
30.Qf5+ Kg8 31.Qc8+ Kh7 32.Qf5+ Kg8  1/2-1/2

[Event "Berliner Sommer"]
[Site "Berlin"]
[Date "1997.??.??"]
[Round "8"]
[White "Holzke, Frank"]
[Black "Siegel, Georg"]
[Result "0-1"]
[WhiteElo "2400"]
[BlackElo "2540"]

1.e4 c5 2.Nf3 d6 3.d4 cxd4 4.Nxd4 Nf6 5.Nc3 Nc6 6.Bg5 e6 7.Qd2 a6 8.O-O-O Nxd4
9.Qxd4 Be7 10.f4 b5 11.Bxf6 gxf6 12.Bd3 Qc7 13.Qe3 Bb7 14.f5 Qc5 15.Qh6 Qe5
16.Qg7 Rf8 17.Qxh7 Rc8 18.Ne2 Bxe4 19.Nd4 Bxd3 20.Rxd3 Qe4 21.Qh3 e5 22.Nb3 Rg8
23.Rc3 Rxc3 24.Qxc3 Rxg2 25.Rd1 Rxh2 26.Qc8+ Bd8 27.Na5 Qe3+ 28.Kb1 Qc5 29.Qxc5 dxc5
30.Nc6 Bc7 31.a4 bxa4 32.Rd5 e4 33.Rxc5 e3 34.Rc3 Bb6  0-1

[Event "Mermaid Beach Club"]
[Site "Bermuda"]
[Date "1997.??.??"]
[Round "1"]
[White "Hjartarson, Johann"]
[Black "Ashley, Maurice"]
[Result "1-0"]
[WhiteElo "2585"]
[BlackElo "2465"]

1.e4 c5 2.Nf3 d6 3.d4 cxd4 4.Nxd4 Nf6 5.Nc3 Nc6 6.Bg5 e6 7.Qd2 a6 8.O-O-O h6
9.Be3 Be7 10.f4 Bd7 11.Be2 b5 12.Bf3 Rc8 13.Kb1 Na5 14.e5 dxe5 15.fxe5 Nc4
16.Qe1 Nxe5 17.Bb7 b4 18.Bxc8 Qxc8 19.Bc1 Neg4 20.Nce2 e5 21.h3 exd4 22.Nxd4 Qb7
23.hxg4 Bxg4 24.Rd3 Ne4 25.Rf1 O-O 26.Rf4 f5 27.Rxg4 fxg4 28.Re3 Nc3+ 29.bxc3 bxc3+
30.Nb3 Bf6 31.Qe2 Qc8 32.Re6 h5 33.Rxa6 h4 34.Ra5 Re8 35.Qd3 Qc6 36.Rd5 Re1
37.Qf5 Qe6 38.Qxe6+ Rxe6 39.a4 Re4 40.a5 Ra4 41.Bg5 Bxg5 42.Rxg5 Kf7 43.a6 g3
44.Na5 Rb4+ 45.Nb3 Ra4 46.Nc5 Ra5 47.Ne4 Rxa6 48.Nxc3 Rb6+ 49.Kc1 Rb4 50.Ne2 Kf6
51.Rh5 g5 52.Kd2 Kf5 53.Rh8 Ra4 54.Rf8+ Ke5 55.Re8+ Kf5 56.Rf8+ Kg4 57.Rd8 h3
58.Rd3 h2 59.Rxg3+  1-0

[Event "Biel op MTO"]
[Site "Biel"]
[Date "1997.??.??"]
[Round "5"]
[White "Solak, Dragan"]
[Black "Levin, Felix"]
[Result "0-1"]
[WhiteElo "2345"]
[BlackElo "2475"]

1.e4 c5 2.Nf3 d6 3.d4 cxd4 4.Nxd4 Nf6 5.Nc3 Nc6 6.Bg5 e6 7.Qd2 Be7 8.O-O-O Nxd4
9.Qxd4 a6 10.e5 dxe5 11.Qxe5 Bd7 12.Qg3 O-O 13.Bd3 Nh5 14.Bxe7 Qxe7 15.Qe5 Nf6
16.Ne4 Nd5 17.Rhe1 Bc6 18.Ng3 Qf6 19.Qxf6 Nxf6 20.Ne4 Nd5 21.g3 Nb4 22.Bc4 Rfd8
23.Rxd8+ Rxd8 24.a3 Nd5 25.b4 Kf8 26.Bb3 Ke7 27.Nc5 Nf6 28.f4 b6 29.Nd3 Rc8
30.Ne5 Be4 31.Kb2 h5 32.c4 Bb7 33.Rd1 Rc7 34.Rd4 Ng4 35.Bd1 Nxe5 36.fxe5 g6
37.Be2 f6 38.exf6+ Kxf6 39.Rd6 Bc6 40.b5 axb5 41.cxb5 Be4 42.Kb3 Bd5+ 43.Kb2 Rb7
44.Rd8 Ke5 45.Bd3 g5 46.Kc3 Rc7+ 47.Kb2 Rf7 48.Kc3 Rf3 49.Kd2 Kd4 50.Be2 Rxa3
51.Bxh5 Ra2+ 52.Ke1 Rxh2 53.Bf7 Ke3 54.Kd1 Rb2 55.Bxe6 Bxe6 56.Re8 Rxb5 57.Rxe6+ Kf3  0-1

[Event "Bled op18th"]
[Site "Bled"]
[Date "1997.??.??"]
[Round "5"]
[White "Delchev, Aleksander"]
[Black "Podkriznik, Gregor"]
[Result "1-0"]
[WhiteElo "2515"]
[BlackElo "2240"]

1.e4 c5 2.Nf3 d6 3.d4 cxd4 4.Nxd4 Nf6 5.Nc3 Nc6 6.Bg5 e6 7.Qd2 a6 8.O-O-O h6
9.Be3 Be7 10.f4 Nxd4 11.Bxd4 b5 12.Kb1 Bb7 13.Bd3 O-O 14.Rhe1 Qc7 15.e5 dxe5
16.Bxe5 Qb6 17.Bd4 Qc7 18.Be5 Qb6 19.f5 exf5 20.Qf4 Be4 21.Bxe4 fxe4 22.Qg3 Rad8
23.Nd5 Qe6 24.Nxe7+ Qxe7 25.Bd6 Qd7 26.Kc1 Qe6 27.Bxf8 Rxf8 28.Rd6 Qf5 29.Rxa6 Rc8
30.Rxf6 Qxf6 31.Rxe4 Qf1+ 32.Re1 Qc4 33.Qb3 Qf4+ 34.Kb1 Qf2 35.Rc1 Qxg2 36.Qxb5 Qxh2
37.a4 h5 38.Qf5 Rc7 39.Rd1 g6 40.Qe4 Rc8 41.a5 Qc7 42.Qa4 Ra8 43.Rd5 Qe7
44.Qb5 h4 45.Re5 Qd8 46.Rd5 Qe7 47.Rd1 Qc7 48.a6 h3 49.Rh1 Qc8 50.Qb7 Qxb7
51.axb7 Rb8 52.Rxh3 Rxb7 53.c4 f5 54.c5 g5 55.Kc2 Kg7 56.c6 Rc7 57.Rc3 Kf6
58.b4 Ke6 59.b5 Kd6 60.Kb3 Rc8 61.Kb4 f4 62.Rd3+ Kc7 63.Kc5 Rf8 64.b6+ Kb8
65.b7  1-0

[Event "Bogota Telecom"]
[Site "Bogota"]
[Date "1997.??.??"]
[Round "10"]
[White "Acosta, Alejandro"]
[Black "Pazos, Plinio"]
[Result "1-0"]
[WhiteElo "2340"]
[BlackElo "2330"]

1.e4 c5 2.Nf3 d6 3.d4 cxd4 4.Nxd4 Nf6 5.Nc3 Nc6 6.Bg5 Bd7 7.Be2 Qa5 8.Bxf6 gxf6
9.Nb3 Qe5 10.O-O f5 11.f4 Qg7 12.exf5 Bxf5 13.Bf3 Rg8 14.Nb5 Rd8 15.Nc5 Rc8
16.Re1 Ne5 17.Nxb7 Rxc2 18.N5xd6+ exd6 19.Rxe5+ Kd7 20.Re2 Qxb2 21.Nc5+ Kd8
22.Rb1 Qc3 23.Rb8+ Kc7 24.Rb7+ Kd8 25.Rd7+ Bxd7 26.Nb7+  1-0

[Event "Ciocaltea mem"]
[Site "Bucharest"]
[Date "1997.??.??"]
[Round "10"]
[White "Solak, Dragan"]
[Black "Kiselev, Sergey"]
[Result "0-1"]
[WhiteElo "2355"]
[BlackElo "2485"]

1.e4 c5 2.Nf3 d6 3.d4 cxd4 4.Nxd4 Nf6 5.Nc3 Nc6 6.Bg5 e6 7.Qd2 a6 8.O-O-O h6
9.Be3 Bd7 10.f3 Qc7 11.g4 Ne5 12.h4 b5 13.Bd3 b4 14.Nce2 d5 15.g5 dxe4 16.Bxe4 Nxe4
17.fxe4 Nc4 18.Qd3 Nxe3 19.Qxe3 hxg5 20.Qxg5 g6 21.Qf6 Rh7 22.Qf3 Rc8 23.c3 bxc3
24.Nxc3 Bb4 25.Rd3 Qe5 26.Kb1 Kf8 27.Nce2 Be8 28.Nf4 Kg8 29.h5 g5 30.Nfe2 Rh6
31.Qg4 Be7 32.Rg3 Rb8 33.b3 Bf6 34.Rc1 Rd8 35.Rd1 Bb5 36.Rgd3 Bxd3+ 37.Rxd3 Bg7
38.Kc2 Qc5+ 39.Rc3 Qa5 40.b4 Qxa2+ 41.Kd3 Qb1+  0-1

[Event "Budapest FS02 IM"]
[Site "Budapest"]
[Date "1997.??.??"]
[Round "2"]
[White "Szabo, Zsolt"]
[Black "Madl, Ildiko"]
[Result "1/2-1/2"]
[WhiteElo "2355"]
[BlackElo "2365"]

1.e4 c5 2.Nf3 d6 3.d4 cxd4 4.Nxd4 Nf6 5.Nc3 Nc6 6.Bg5 e6 7.Qd2 a6 8.O-O-O Bd7
9.f4 h6 10.Bh4 g5 11.fxg5 Ng4 12.Nxc6 Bxc6 13.Kb1 Ne5 14.Be2 Be7 15.Qd4 hxg5
16.Bf2 b5 17.Bg3 Qc7 18.Rhe1 f6 19.h3 Qa7 20.Qxa7 Rxa7 21.Bd3 Bd8 22.Bf2 Rb7
23.Ne2 Bb6 24.Nd4 Bd7 25.Be2 Ke7 26.Bg3 Rbb8 27.c3 Bc7 28.b3 Rbc8 29.Kb2  1/2-1/2

[Event "Budapest FS03 IM-B"]
[Site "Budapest"]
[Date "1997.??.??"]
[Round "2"]
[White "Peredy, Ferenc"]
[Black "Kahn, Evarth"]
[Result "1/2-1/2"]
[WhiteElo "2200"]
[BlackElo "2370"]

1.e4 c5 2.Nf3 d6 3.d4 cxd4 4.Nxd4 Nf6 5.Nc3 Nc6 6.Bg5 e6 7.Qd2 a6 8.O-O-O Bd7
9.f4 Be7 10.Nb3 b5 11.Bxf6 gxf6 12.Kb1 b4 13.Ne2 Qb6 14.f5 e5 15.Ng3 h5 16.Bc4 a5
17.Nf1 a4 18.Nc1 a3 19.b3 Qd4 20.Qxd4 Nxd4 21.Ne3 Rb8 22.Nd3 Bc6 23.Bd5 Bd7  1/2-1/2

[Event "Budapest FS12 GM"]
[Site "Budapest"]
[Date "1997.??.??"]
[Round "4"]
[White "Tomescu, Vlad"]
[Black "Lugovoi, Aleksei"]
[Result "0-1"]
[WhiteElo "2410"]
[BlackElo "2520"]

1.e4 c5 2.Nf3 d6 3.d4 cxd4 4.Nxd4 Nf6 5.Nc3 Nc6 6.Bg5 e6 7.Qd2 a6 8.O-O-O Nxd4
9.Qxd4 Be7 10.f4 b5 11.Bxf6 gxf6 12.Kb1 Qc7 13.f5 Bd7 14.Be2 h5 15.Rhf1 Qc5
16.Qxc5 dxc5 17.Rd2 Bc6 18.Bf3 Rd8 19.Rxd8+ Bxd8 20.Re1 Bc7 21.fxe6 fxe6
22.Ne2 h4 23.h3 Ke7 24.c3 Be5 25.Kc2 a5 26.Nc1 c4 27.a3 Rb8 28.Ne2 b4 29.axb4 Ba4+
30.Kc1 axb4 31.cxb4 Rxb4 32.Nc3  0-1

[Event "Budapest FS02 IM"]
[Site "Budapest"]
[Date "1997.??.??"]
[Round "4"]
[White "Kerek, Krisztian"]
[Black "Neubauer, Martin"]
[Result "0-1"]
[WhiteElo "2290"]
[BlackElo "2320"]

1.e4 c5 2.Nf3 d6 3.d4 cxd4 4.Nxd4 Nf6 5.Nc3 Nc6 6.Bg5 e6 7.Qd2 a6 8.O-O-O h6
9.Be3 Be7 10.f4 Bd7 11.Qe1 Qc7 12.Qg3 O-O 13.Nf3 d5 14.e5 Ne4 15.Nxe4 dxe4
16.Nd4 Rfc8 17.Qf2 Nb4 18.Kb1 Qa5 19.a3 Nd5 20.c4 Nxe3 21.Qxe3 b5 22.Nf5 exf5
23.Rxd7 Bc5 24.Qb3 Rd8 25.e6 Qe1+ 26.Ka2 Rxd7 27.exd7 Rd8 28.g3 Rxd7 29.Bg2 Qe2
30.Bh3 Rd3 31.Bf1 Rxb3 32.Bxe2 Re3 33.Bf1 Re1 34.Bg2 Rxh1 35.Bxh1 bxc4 36.h3 g6
37.Bg2 a5 38.Bf1 h5 39.Bxc4 Bf2  0-1

[Event "Budapest FS02 IM"]
[Site "Budapest"]
[Date "1997.??.??"]
[Round "5"]
[White "Starostits, Ilmas"]
[Black "Varga, Peter"]
[Result "0-1"]
[WhiteElo "2230"]
[BlackElo "2390"]

1.e4 c5 2.Nf3 Nc6 3.d4 cxd4 4.Nxd4 Nf6 5.Nc3 d6 6.Bg5 e6 7.Qd2 a6 8.O-O-O h6
9.Be3 Be7 10.f4 Nxd4 11.Bxd4 b5 12.Kb1 b4 13.Na4 Rb8 14.Qe3 Bd7 15.Nb6 Bc6
16.Nc4 d5 17.Ne5 Bb7 18.f5 exf5 19.exf5 O-O 20.Bd3 Bd6 21.Qh3 Re8 22.Nf3 Ne4
23.f6 Nxf6 24.g4 Bc8 25.Rhg1 Ne4 26.Qh5 Ng5 27.Rdf1 Be6 28.Nh4 Bf8 29.Nf5 Bxf5
30.Bxf5 Qd6 31.Bd3 g6 32.Qh4 Bg7 33.Bxg7 Kxg7 34.Qf2 Re7 35.h4 Ne4 36.Qg2 Qb6
37.Ka1 a5 38.g5 h5 39.Qf3 Kh7 40.Re1 Rbe8 41.Rgf1 a4 42.Qe3 Qa5 43.Rf4 a3
44.b3 Qc7 45.Bxe4 Rxe4  0-1

[Event "Budapest FS02 IM"]
[Site "Budapest"]
[Date "1997.??.??"]
[Round "6"]
[White "Kerek, Krisztian"]
[Black "Caposciutti, Maurizio"]
[Result "1/2-1/2"]
[WhiteElo "2290"]
[BlackElo "2300"]

1.e4 c5 2.Nf3 Nc6 3.d4 cxd4 4.Nxd4 Nf6 5.Nc3 d6 6.Bg5 Bd7 7.Qd2 Rc8 8.f4 Nxd4
9.Qxd4 Qa5 10.e5 dxe5 11.fxe5 e6 12.O-O-O Bc6 13.Nb5 Bxb5 14.exf6 Ba4 15.h4 gxf6
16.Qxf6 Rg8 17.Bd3 Qc7 18.Qd4 Bc6 19.Rhe1 h6 20.Bf4 Qb6 21.Qf6 Bd5 22.a4 Bg7
23.Bb5+ Qxb5 24.Qxg7 Rxg7 25.axb5 Rc5 26.g3 f5 27.Re3 h5 28.b3 Be4 29.c4 e5
30.Bg5 Rd7 31.Rxd7 Kxd7 32.Re2 Ke6 33.Rd2  1/2-1/2

[Event "Budapest FS02 GM"]
[Site "Budapest"]
[Date "1997.??.??"]
[Round "7"]
[White "Cao Sang"]
[Black "Wapner, Jonathan"]
[Result "1/2-1/2"]
[WhiteElo "2465"]
[BlackElo "2290"]

1.e4 c5 2.Nf3 d6 3.d4 cxd4 4.Nxd4 Nf6 5.Nc3 Nc6 6.Bg5 e6 7.Qd2 a6 8.O-O-O h6
9.Be3 Be7 10.f3 Nxd4 11.Qxd4 b5 12.g4 Qa5 13.Kb1 b4 14.Ne2 e5 15.Qb6 Qxb6
16.Bxb6 Be6 17.Ng3 d5 18.exd5 Nxd5 19.Bf2 Nf4 20.Be3 Nd5 21.Bc1 O-O 22.Bd3 Rfd8
23.h4 Nf4 24.Be4 Rxd1 25.Rxd1 Rd8 26.Rxd8+ Bxd8 27.h5 Bb6 28.Bd2 Bc5 29.c3 a5
30.b3 g6 31.Kc2 Kg7 32.c4 Bf2 33.Bxf4 exf4 34.Ne2 Be3 35.Kd3 gxh5 36.gxh5 Kf6
37.Nd4 Ke5 38.Nc6+ Kd6 39.Nxa5 f5 40.Bd5 Bxd5 41.cxd5 Kxd5 42.Nc4 Bc5 43.Ke2 Ke6
44.Nb2  1/2-1/2

[Event "Honved"]
[Site "Budapest"]
[Date "1997.??.??"]
[Round "7"]
[White "Videki, Sandor"]
[Black "Gross, Stefan"]
[Result "1/2-1/2"]
[WhiteElo "2375"]
[BlackElo "2340"]

1.e4 c5 2.Nf3 d6 3.d4 cxd4 4.Nxd4 Nf6 5.Nc3 Nc6 6.Bg5 Qb6 7.Nb3 e6 8.Bxf6 gxf6
9.Qd2 a6 10.O-O-O Bd7 11.f4 O-O-O 12.Be2 h5 13.Kb1 Kb8 14.Rhf1 Be7 15.Bf3 Na5
16.Nxa5 Qxa5 17.Ne2 Qxd2 18.Rxd2 Bb5 19.b3 Bxe2 20.Bxe2 Rc8 21.Rd3 Rc5 22.Rh3 h4
23.g3 f5 24.exf5 Rxf5 25.Bd3 Rc5 26.f5 Bg5 27.gxh4 Rxh4 28.Rxh4 Bxh4 29.c4 exf5
30.Bxf5 d5 31.cxd5 Rxd5 32.Be4 Re5 33.Bd3  1/2-1/2

[Event "Budapest"]
[Site "Budapest"]
[Date "1997.??.??"]
[Round "7"]
[White "Alvir, Aco"]
[Black "Roser, Kevin"]
[Result "1-0"]
[WhiteElo "2390"]
[BlackElo "2255"]

1.e4 c5 2.Nf3 Nc6 3.d4 cxd4 4.Nxd4 Nf6 5.Nc3 d6 6.Bg5 e6 7.Qd2 a6 8.O-O-O h6
9.Be3 Be7 10.f3 Nxd4 11.Bxd4 b5 12.g4 Bb7 13.a3 Qa5 14.Kb1 b4 15.Na2 e5 16.axb4 Qc7
17.Qc3 Qb8 18.Bb6 O-O 19.h4 Nxe4 20.Qe1 Nf6 21.Qf2 Nd5 22.Ba5 Nf4 23.Nc1 d5
24.g5 Qd6 25.Nd3 Nxd3 26.Bxd3 f5 27.gxf6 Qxf6 28.Rhg1 e4 29.Be2 Rf7 30.h5 exf3
31.Bd3 Rc8 32.Bg6 Rff8 33.Bb6 Qh4 34.Rg3 Qxb4 35.Bd4 Bc5 36.Bh7+ Kxh7 37.Rxg7+ Kh8
38.Qe3 Rf6 39.Bxf6 Bxe3 40.Rxb7+ Kg8 41.Rxb4 Rf8 42.Bd4 a5 43.Ra4 Rf4 44.c3 f2
45.Bxe3 Rxa4 46.Bxf2 Rf4 47.Be3 Rf5 48.Bxh6 Rxh5 49.Be3  1-0

[Event "Budapest FS03 IM-B"]
[Site "Budapest"]
[Date "1997.??.??"]
[Round "8"]
[White "Peredy, Ferenc"]
[Black "Bokros, Albert"]
[Result "1/2-1/2"]
[WhiteElo "2200"]
[BlackElo "2260"]

1.e4 c5 2.Nf3 d6 3.d4 cxd4 4.Nxd4 Nf6 5.Nc3 Nc6 6.Bg5 e6 7.Qd2 a6 8.O-O-O h6
9.Bf4 Bd7 10.Nxc6 Bxc6 11.f3 Qb6 12.Bc4 O-O-O 13.Be3 Qc7 14.Qf2 Nd7 15.Bb3 Nc5
16.Bd4 Rg8 17.Kb1 Be7 18.h4 h5  1/2-1/2

[Event "Budapest FS04 GM"]
[Site "Budapest"]
[Date "1997.??.??"]
[Round "9"]
[White "Lengyel, Bela"]
[Black "Ooi Chern Ee"]
[Result "1-0"]
[WhiteElo "2375"]
[BlackElo "2305"]

1.e4 c5 2.Nf3 d6 3.d4 cxd4 4.Nxd4 Nf6 5.Nc3 Nc6 6.Bg5 e6 7.Bb5 Qb6 8.Bxf6 gxf6
9.Nb3 a6 10.Be2 Qc7 11.O-O b5 12.a4 b4 13.Na2 Qb6 14.c3 bxc3 15.Nxc3 Rb8
16.Nd2 Qxb2 17.Rc1 Qb6 18.Nc4 Qd4 19.a5 Be7 20.Qa4 Bd7 21.Rfd1 Qc5 22.Qa2 Qg5
23.Qa1 O-O 24.Rd3 Kh8 25.Rg3 Qf4 26.Rf3 Qg5 27.Rd1 Rb4 28.Rg3 Qc5 29.Na4 Rxa4
30.Qxa4 Nd4 31.Qa2 f5 32.Nb6 Bc6 33.exf5 Nxf5 34.Qb2+ f6 35.Rc3 Qe5 36.f4 Qxf4
37.Rxc6 d5 38.Bxa6 Rg8 39.Qf2 Qg4 40.Rdc1 Rg5 41.Rxe6 Ba3 42.Re8+ Kg7 43.Rc7+ Kh6
44.Re6 Bd6 45.Rxd6 Nxd6 46.Qxf6+ Rg6 47.Qf8+ Kg5 48.Qe7+ Rf6 49.Qe3+ Kg6
50.Be2  1-0